| 000 -LEADER |
| fixed length control field |
00296nam a2200109Ia 4500 |
| 008 - FIXED-LENGTH DATA ELEMENTS--GENERAL INFORMATION |
| fixed length control field |
210107s9999 xx 000 0 und d |
| 100 ## - MAIN ENTRY--PERSONAL NAME |
| Personal name |
Norton, Peter; Andersen, Virginia |
| 245 #0 - TITLE STATEMENT |
| Title |
Peter Norton's Guide To Access 97 Programming |
| 260 ## - PUBLICATION, DISTRIBUTION, ETC. |
| Place of publication, distribution, etc. |
New Delhi |
| Name of publisher, distributor, etc. |
Techmedia |
| 300 ## - PHYSICAL DESCRIPTION |
| Extent |
596 |
| 942 ## - ADDED ENTRY ELEMENTS (KOHA) |
| Koha item type |
Books |